Curso de procedimiento laboral
Guardat en:
| Autors principals: | , , , |
|---|---|
| Format: | Llibre |
| Idioma: | espanyol |
| Publicat: |
Madrid
Tecnos
2005
|
| Edició: | 7a. ed |
| Matèries: | |
| Etiquetes: |
Afegir etiqueta
Sense etiquetes, Sigues el primer a etiquetar aquest registre!
|
MARC
| LEADER | 00000nam a2200000 a 4500 | ||
|---|---|---|---|
| 001 | UCJ0652 | ||
| 003 | CL-VaPUC | ||
| 008 | 060825e20050000SP |||||||||||||||||spa|d | ||
| 020 | |a 8430942866 | ||
| 082 | 0 | 4 | |a 344.4601 |b MON |2 21 |
| 100 | |a Montoya Melgar, Alfredo |e autor |9 572092 | ||
| 700 | 0 | |a Galiana Moreno, Jesús M |e author |9 500876 | |
| 700 | 0 | |a Sempere Navarro, Antonio V |e author |9 500877 | |
| 700 | 0 | |a Ríos Salmerón Bartolomé |e author |9 500878 | |
| 245 | 1 | 0 | |a Curso de procedimiento laboral |
| 250 | |a 7a. ed | ||
| 300 | |a 626 p | ||
| 942 | |c BK | ||
| 945 | |d 20060825 00:00:00 |a jtorresc | ||
| 260 | |a Madrid |b Tecnos |c 2005 | ||
| 650 | 7 | |a CONTRATO DE TRABAJO |2 CL-VaPUC |9 500879 | |
| 650 | 0 | |a Derecho procesal penal |9 255496 | |
| 650 | 0 | |a Sentencias |9 256250 | |
| 650 | 0 | |a Trabajadores |9 260887 | |
| 650 | 7 | |a DERECHO LABORAL |2 CL-VaPUC |9 15 | |
| 650 | 0 | |a Seguridad social |9 255322 | |
| 651 | 0 | |a España |9 254926 | |
| 583 | |a last modification |c 20170801 03:40:12 |k Rodrigo Vera | ||
| 999 | |c 317416 |d 317414 | ||
| 952 | |0 0 |1 0 |4 0 |6 344_460100000000000_MON_2005 |7 0 |8 A |9 393761 |a BIBDER |b BIBDER |d 2019-11-22 |i 4259742 |l 3 |m 1 |o 344.4601 MON 2005 |p 4259742 |r 2023-05-25 |s 2023-05-25 |w 2019-11-22 |y BK |k DER | ||